[Event "Druzynowe Mistrzostwa Polski Juniorow - Ekstraliga"]
[Site "Suchedniow"]
[Date "1899-12-30"]
[Round "1.1"]
[White "Kucza, Karol"]
[Black "Golda, Sebastian"]
[Result "1-0"]
[WhiteTitle "FM"]
[BlackTitle "I"]
[WhiteElo "2294"]
[BlackElo "1932"]

1. e4 c5 2. Nf3 d6 3. d4 cxd4 4. Nxd4 Nf6 5. Nc3 a6 6. Be3 e5 7. Nb3 Be7 8. f3
O-O 9. Qd2 Be6 10. O-O-O a5 11. Bb5 Na6 12. Qe2 Qb8 13. g4 Nc7 14. Ba4 Rc8 15.
g5 Nd7 16. Kb1 b5 17. Nxb5 Nxb5 18. Bxb5 a4 19. Nc1 Ra5 20. Bxd7 Bxd7 21. h4 Be6
22. f4 Rb5 23. b3 axb3 24. cxb3 Bc4 25. Qg2 d5 26. fxe5 Ba3 27. Bd4 dxe4 28. g6
fxg6 29. h5 Bd5 30. hxg6 h6 31. Bb2 Bxb2 32. Qxb2 e3 33. Rhe1 Bf3 34. Rd6 Be4+
35. Ka1 Rbc5 36. Ne2 Qa8 37. Qd4 Rc2 38. a4 Qa5 39. Rd1 Rd2 40. Rxd2 exd2 41.
Qxd2 Qxe5+ 42. Qd4 Qe8 43. Nf4 Bf5 44. Qd5+ Kh8 45. Qxf5 Qe1+ 46. Ka2 Qc1 47.
Qxc8+ Qxc8 48. Ne6 Qc2+ 49. Ka3 Qxg6 50. Rd8+ 1-0

[Event "Druzynowe Mistrzostwa Polski Juniorow - Ekstraliga"]
[Site "Suchedniow"]
[Date "1899-12-30"]
[Round "1.2"]
[White "Marczuk, Anna"]
[Black "Woloch, Oskar"]
[Result "0-1"]
[WhiteTitle "k"]
[BlackTitle "k"]
[WhiteElo "1931"]
[BlackElo "2164"]

1. d4 c5 2. d5 e5 3. e4 d6 4. Bb5+ Nd7 5. a4 a6 6. Be2 Ngf6 7. Nc3 g6 8. Nf3 Bg7
9. Nd2 O-O 10. h4 Ne8 11. h5 f5 12. hxg6 hxg6 13. Nc4 f4 14. Bg4 Ndf6 15. Bxc8
Rxc8 16. Qf3 Rb8 17. a5 Nc7 18. Bd2 Nb5 19. Nxb5 axb5 20. Na3 Qd7 21. Qe2 b4 22.
Nc4 Qe7 23. c3 bxc3 24. Bxc3 f3 25. gxf3 Nh5 26. Kd2 Rf6 27. Kc2 Rbf8 28. Nd2
Bh6 29. Rag1 Kh7 30. Qf1 Qf7 31. Qg2 c4 32. Kb1 Qd7 33. Rh4 Qf7 34. Rg4 Nf4 35.
Qf1 Rc8 36. Rh1 Qc7 37. Rgh4 Nh5 38. Qh3 Rcf8 39. Qg2 b5 40. axb6 Qxb6 41. Nxc4
Qb5 42. Qf1 Rxf3 43. Nd2 Qxf1+ 44. Rxf1 Rxc3 45. bxc3 Bxd2 46. Kc2 Be3 47. f3
Kg7 48. Rh3 Bc5 49. Rb1 Rf7 50. Rb5 Nf4 51. Rh1 Ng2 52. Rh3 Ne1+ 53. Kd1 Nxf3
54. Rb2 Ng5 55. Rh4 Rf1+ 56. Kc2 Re1 57. Rb7+ Kf6 58. Rh8 Nxe4 59. Rf8+ Kg5 0-1

[Event "Druzynowe Mistrzostwa Polski Juniorow - Ekstraliga"]
[Site "Suchedniow"]
[Date "1899-12-30"]
[Round "1.3"]
[White "Kalemba, Igor"]
[Black "Szczurek, Krzysztof"]
[Result "0-1"]
[WhiteTitle "III"]
[BlackTitle "I"]
[WhiteElo "1041"]
[BlackElo "1926"]

1. e4 c5 2. Nf3 d6 3. d4 cxd4 4. Nxd4 Nf6 5. Nc3 a6 6. Bg5 e6 7. Bd3 Be7 8. Qf3
Nbd7 9. O-O Ne5 10. Qe2 O-O 11. f4 Qb6 12. fxe5 dxe5 13. Kh1 Qxd4 14. Rad1 Qb4
15. Rb1 Nd7 16. Bxe7 Qxe7 17. a3 b5 18. Qe3 Bb7 19. Rbd1 Rad8 20. Be2 h6 21. Rd2
Qc5 22. Qf2 Qxf2 23. Rxf2 Nb6 24. Bf3 Nc4 25. Rxd8 Rxd8 26. b3 Nxa3 27. h3 Rc8
28. Nd1 Nxc2 29. Bh5 g6 30. Bf3 Nd4 31. Rb2 Rc1 32. Kh2 Nxf3+ 33. gxf3 Rxd1 34.
Rc2 Rd7 35. Kg3 f5 36. Re2 fxe4 37. fxe4 Rd4 38. Kf3 Rxe4 39. Rxe4 a5 40. Ke3
Bxe4 41. Kxe4 a4 42. Kd3 a3 43. Kc2 e4 44. b4 e3 45. Kd3 a2 46. Kxe3 a1=Q 47.
h4 Qe5+ 48. Kd3 Qd5+ 49. Ke3 e5 50. h5 Qd4+ 51. Kf3 e4+ 52. Kg3 e3 53. hxg6 e2
54. g7 e1=R 55. Kf3 Re3+ 56. Kf2 Qd2+ 57. Kf1 Re1# 0-1

[Event "Druzynowe Mistrzostwa Polski Juniorow - Ekstraliga"]
[Site "Suchedniow"]
[Date "1899-12-30"]
[Round "1.4"]
[White "Korcyl, Patryk"]
[Black "Gorkiewicz, Mateusz"]
[Result "1-0"]
[WhiteTitle "II"]
[BlackTitle "II"]
[WhiteElo "1564"]
[BlackElo "1562"]

1. e4 e5 2. Nf3 Nc6 3. Bb5 a6 4. Ba4 Nf6 5. O-O b5 6. Bb3 Be7 7. Re1 d6 8. c3 O-O
9. d4 Bg4 10. d5 Na5 11. Bc2 c6 12. dxc6 Qc7 13. h3 Bh5 14. Bg5 Nxc6 15. Bxf6
Bxf6 16. Nbd2 Rfd8 17. Nf1 b4 18. c4 Bxf3 19. Qxf3 Nd4 20. Qd3 Bg5 21. Nh2 Bf4
22. g3 Bg5 23. b3 g6 24. Nf3 Nxf3+ 25. Qxf3 Qd7 26. h4 Bh6 27. Red1 Qe6 28. Rd5
Rab8 29. Rad1 Bf8 30. Qd3 Rb6 31. Kh2 Rc6 32. Qd2 Be7 33. Bd3 Rc5 34. Qxb4 Rxd5
35. cxd5 Qg4 36. Qe1 f5 37. exf5 gxf5 38. Bxa6 f4 39. Be2 Qf5 40. Bd3 Qh5 41.
Rc1 Bxh4 42. gxh4 Qxh4+ 43. Kg2 Qg4+ 44. Kf1 f3 45. Qe3 Ra8 46. Rc2 Qh5 47. Ke1
Qg4 48. Be4 Rf8 49. Kd2 Rf4 50. Rc4 h5 51. Kd3 h4 52. Qa7 Qh5 53. Rc8+ Rf8 54.
Bh7+ Qxh7+ 55. Qxh7+ Kxh7 56. Rxf8 h3 57. Rxf3 1-0

[Event "Druzynowe Mistrzostwa Polski Juniorow - Ekstraliga"]
[Site "Suchedniow"]
[Date "1899-12-30"]
[Round "1.5"]
[White "Buchta, Agnieszka"]
[Black "Jedrocha, Katarzyna"]
[Result "0-1"]
[WhiteTitle "I++"]
[BlackTitle "k"]
[WhiteElo "1653"]
[BlackElo "1948"]

1. e4 c5 2. Nf3 d6 3. d4 cxd4 4. Qxd4 Nc6 5. Bb5 Bd7 6. Bxc6 Bxc6 7. Nc3 Nf6 8.
Bg5 e6 9. O-O-O Be7 10. Rhe1 Qa5 11. Qd2 Rd8 12. Kb1 Qc7 13. Nd4 O-O 14. f3 a6
15. g4 b5 16. Nce2 Bb7 17. Ng3 g6 18. h4 e5 19. Nde2 d5 20. Qe3 Rc8 21. Rc1 Rfd8
22. Ng1 dxe4 23. Bxf6 Bxf6 24. g5 Bg7 25. fxe4 Rd7 26. Nf3 Rcd8 27. h5 Bf8 28.
hxg6 fxg6 29. Nf1 Bb4 30. Qb3+ Qc4 31. Qxc4+ bxc4 32. c3 Bd6 33. Rcd1 Bc7 34.
Rxd7 Rxd7 35. Kc2 Rf7 36. N1d2 Bc8 37. Rg1 Rf4 38. b3 Bg4 39. Nh2 Be6 40. Nhf3
Bb6 41. Rg2 Be3 42. bxc4 Bxd2 43. Nxd2 Kg7 44. Kb3 Rf8 45. Kc2 h5 46. gxh6+ Kxh6
47. Kd3 g5 48. Rh2+ Kg6 49. Ke3 g4 50. Rg2 Kg5 51. Rg3 Kh4 52. Rg1 Rc8 53. Kd3
Rb8 54. Nb3 Rd8+ 55. Ke3 Bxc4 56. Kf2 Rf8+ 57. Kg2 g3 58. Rh1+ Kg4 59. Re1 Rf2+
60. Kg1 Rxa2 61. Nc5 Ra3 62. Rc1 Kh3 63. Nd7 Ra5 64. Nf6 Ra2 65. Rd1 Rg2+ 66.
Kh1 Rh2+ 67. Kg1 g2 68. Kf2 Rh1 69. Rg1 Rxg1 70. Kxg1 a5 71. Nd7 a4 72. Nxe5 a3
73. Nxc4 a2 0-1

[Event "Druzynowe Mistrzostwa Polski Juniorow - Ekstraliga"]
[Site "Suchedniow"]
[Date "1899-12-30"]
[Round "1.7"]
[White "Koziol, Kamil"]
[Black "Sernecki, Franciszek"]
[Result "0-1"]
[WhiteTitle "k"]
[BlackTitle "I"]
[WhiteElo "2270"]
[BlackElo "1974"]

1. d4 d5 2. c4 dxc4 3. e3 Nf6 4. Bxc4 c5 5. Ne2 e6 6. O-O Nc6 7. Nbc3 a6 8. a4
cxd4 9. exd4 Be7 10. Be3 O-O 11. Rc1 Nb4 12. Nf4 Qd6 13. Qf3 Bd7 14. d5 e5 15.
Nh5 Rac8 16. Bb3 Nd3 17. Rc2 Nxh5 18. Qxh5 Qb4 19. d6 Bxd6 20. Rd2 Nxb2 21. Nd5
Qxb3 22. Nf6+ gxf6 23. Rxd6 Be6 24. Qh6 Qc2 25. f4 Nc4 26. Rf3 Nxd6 27. Rg3+ Qg6
28. fxe5 Bg4 29. exf6 Qb1+ 30. Bc1 Qxc1+ 0-1

[Event "Druzynowe Mistrzostwa Polski Juniorow - Ekstraliga"]
[Site "Suchedniow"]
[Date "1899-12-30"]
[Round "1.8"]
[White "Dmochowska, Agnieszka"]
[Black "Zylka, Stanislaw"]
[Result "1-0"]
[WhiteTitle "WCM"]
[BlackTitle "k"]
[WhiteElo "2059"]
[BlackElo "2239"]

1. d4 Nf6 2. c4 c5 3. d5 e6 4. Nc3 exd5 5. cxd5 d6 6. e4 g6 7. h3 Bg7 8. Nf3 O-O
9. Bd3 Re8 10. O-O Na6 11. Bf4 c4 12. Bc2 Nc5 13. Re1 a6 14. a4 h6 15. Nd2 g5
16. Bh2 g4 17. Nxc4 gxh3 18. Bxd6 hxg2 19. Kxg2 Ng4 20. Qf3 Qg5 21. Qg3 h5 22.
f4 Qg6 23. Kf3 Bd4 24. Re2 Qg7 25. e5 Bd7 26. Rd1 Bxc3 27. Bxc5 Rac8 28. Qg1 Rxc5
29. Qxc5 Rc8 30. Qe7 Rxc4 31. Qd8+ Qf8 32. Qxf8+ Kxf8 33. bxc3 Rxc3+ 34. Rd3 Rc4
35. Bb3 Rb4 36. Rc3 Nh6 37. Rd2 Bg4+ 38. Kg3 Nf5+ 39. Kg2 Nd4 40. Bd1 Bf5 41.
d6 h4 42. a5 Bd7 43. Rc7 Ke8 44. Kh2 Ne6 45. Rg2 Kd8 46. Rg8+ Be8 47. Re7 Rb2+
48. Kh1 Ng7 49. Rexe8+ Nxe8 50. Ba4 Rb5 51. Rf8 f5 52. e6 1-0

[Event "Druzynowe Mistrzostwa Polski Juniorow - Ekstraliga"]
[Site "Suchedniow"]
[Date "1899-12-30"]
[Round "1.9"]
[White "Posluszny, Tomasz"]
[Black "Kawaler, Adam"]
[Result "1/2-1/2"]
[WhiteTitle "II"]
[BlackTitle "I"]
[WhiteElo "1555"]
[BlackElo "1761"]

1. d4 d5 2. c4 c6 3. Nf3 Nf6 4. Nc3 Ne4 5. e3 Bf5 6. cxd5 Nxc3 7. bxc3 cxd5 8.
Bd3 e6 9. Qa4+ Nd7 10. Bxf5 exf5 11. Qb5 Qc7 12. Bd2 Qc6 13. Rb1 Nb6 14. Ne5 Qxb5
15. Rxb5 Bd6 16. Nd3 O-O-O 17. Ke2 Rhe8 18. g3 Re7 19. Rhb1 Rc7 20. f3 h5 21.
Nb4 Bxb4 22. R5xb4 Nc4 23. Kd3 Rd6 24. Re1 Re7 25. Rbb1 Ra6 26. Ra1 Ree6 27. Bc1
Nd6 28. h3 h4 29. Rg1 Rg6 30. g4 fxg4 31. hxg4 Rf6 32. Ke2 g5 33. Rf1 Rc6 34.
Kd3 Rh6 35. e4 dxe4+ 36. fxe4 f6 37. e5 Nf7 38. Bd2 h3 39. Rf2 Rh4 40. Rh1 Nh6
41. exf6 Nxg4 42. Rf3 Rh8 43. f7 Rf6 44. Rxf6 Nxf6 45. Bxg5 Nd7 46. Ke4 Nf8 47.
Kf5 Kd7 48. Kf6 Ne6 49. Be3 Kd6 50. c4 h2 51. d5 Nd8 52. Kg7 Nxf7 53. Kxf7 Rh4
54. Kf6 Rxc4 55. Rxh2 Kxd5 56. Bxa7 Kc6 57. Be3 Kb5 58. Rb2+ Rb4 59. Rd2 Ka4 60.
Ke5 b5 61. Kd5 Rh4 62. Bd4 Rg4 63. Ke5 Rh4 64. Kf5 b4 65. Rd3 Rh2 66. Bc5 Rh5+
67. Ke4 Rxc5 68. Rd2 1/2-1/2

[Event "Druzynowe Mistrzostwa Polski Juniorow - Ekstraliga"]
[Site "Suchedniow"]
[Date "1899-12-30"]
[Round "1.10"]
[White "Kosior, Jan"]
[Black "Oleksy, Krzysztof"]
[Result "1-0"]
[WhiteTitle "II"]
[BlackTitle "I"]
[WhiteElo "1524"]
[BlackElo "1569"]

1. e4 d5 2. exd5 Qxd5 3. Nc3 Qd6 4. d4 Nf6 5. Nf3 Nc6 6. Be2 Bg4 7. Be3 e6 8. Qd2
a6 9. h3 Bh5 10. O-O-O O-O-O 11. g4 Bg6 12. Ne5 Nxe5 13. dxe5 Qxd2+ 14. Rxd2 Rxd2
15. Bxd2 Ne4 16. Nxe4 Bxe4 17. f3 Bc6 18. Be3 Be7 19. h4 Rd8 20. Rh2 b5 21. g5
Rd5 22. f4 Bc5 23. Bxc5 Rxc5 24. Bd3 Bd5 25. Bxh7 Bxa2 26. b3 Bxb3 27. Kb2 Bd5
28. Bg8 Kd7 29. Bxf7 Ke7 30. Bg6 Rc4 31. h5 Rxf4 32. h6 gxh6 33. gxh6 Rf8 34.
h7 Rh8 35. Rf2 Bc6 36. Rf7+ Kd8 37. Rg7 Be8 38. Bxe8 Rxh7 39. Rxh7 Kxe8 40. Rxc7
Kd8 41. Ra7 a5 42. Rxa5 b4 43. Kb3 1-0

[Event "Druzynowe Mistrzostwa Polski Juniorow - Ekstraliga"]
[Site "Suchedniow"]
[Date "1899-12-30"]
[Round "1.11"]
[White "Cieslak, Wiktoria"]
[Black "Frej, Zofia"]
[Result "1/2-1/2"]
[WhiteTitle "k+"]
[BlackTitle "I++"]
[WhiteElo "1983"]
[BlackElo "1929"]

1. e4 e6 2. d4 d5 3. Nd2 dxe4 4. Nxe4 Nd7 5. Nf3 Ngf6 6. Nxf6+ Nxf6 7. Bg5 c5 8.
Bd3 cxd4 9. Nxd4 Be7 10. O-O O-O 11. c3 h6 12. Bh4 Bd7 13. Re1 Bc6 14. Nxc6 bxc6
15. Qe2 Qb6 16. Rad1 Rfd8 17. Bb1 Rxd1 18. Rxd1 Rd8 19. Rxd8+ Qxd8 20. h3 Qd7
21. Qd3 Qxd3 22. Bxd3 Bd6 23. f3 Kf8 24. Bf2 c5 25. g3 Nd5 26. a3 f5 27. c4 Nf6
28. b4 Nd7 29. Be1 Kf7 30. Kf2 Ne5 31. Be2 Nc6 32. b5 Nd4 33. Bd1 Ke7 34. a4 Kd7
35. a5 Bc7 36. f4 e5 37. fxe5 Bxe5 38. Ke3 Kc8 39. g4 g6 40. gxf5 gxf5 41. Bh4
Kc7 42. Be7 Ne6 43. Bc2 Nd4 44. Bd3 Bh2 45. Bf6 Bg1+ 46. Kf4 Bh2+ 47. Ke3 Bg1+
48. Kd2 Nb3+ 49. Kc3 Nxa5 50. Be5+ Kb6 51. Bxf5 Nb7 52. Kd3 Nd8 53. Bg7 h5 54.
Bf6 Kc7 55. Bg6 Ne6 56. Be5+ Kb6 57. Bxh5 a6 58. bxa6 Kxa6 59. Bg4 Ng5 60. h4
Nf7 61. Bg7 Bf2 62. h5 Bh4 63. Be6 Ng5 64. Bc8+ Kb6 65. h6 Nh7 66. Bf5 Nf6 67.
Ke2 Bg5 68. Kf3 Kc7 69. Bf8 Kb6 70. Ke2 Kc6 71. Kd3 Kb6 72. Kc2 Kc6 73. Kb3 Kb6
74. Ka4 Be3 75. h7 Nxh7 76. Bxh7 Bg5 77. Bg6 Bf6 78. Be8 Bg5 79. Kb3 Bf6 80. Kc2
Bh4 81. Kd3 Bf2 82. Ke4 Ka5 83. Kd5 Kb4 84. Bd6 Be3 85. Bh5 Bd4 86. Bg3 Ka5 87.
Be1+ 1/2-1/2

[Event "Druzynowe Mistrzostwa Polski Juniorow - Ekstraliga"]
[Site "Suchedniow"]
[Date "1899-12-30"]
[Round "1.12"]
[White "Czarniecka, Aleksandra"]
[Black "Kroliczek, Gabriela"]
[Result "1-0"]
[WhiteTitle "I"]
[BlackTitle "I"]
[WhiteElo "1631"]
[BlackElo "1404"]

1. e4 c5 2. Nf3 Nc6 3. d4 cxd4 4. Nxd4 Nf6 5. Nc3 e5 6. Ndb5 d6 7. Bg5 a6 8. Na3
b5 9. Nd5 Be7 10. Bxf6 Bxf6 11. c3 O-O 12. Nc2 Bg5 13. a4 bxa4 14. Rxa4 a5 15.
Bc4 Kh8 16. O-O g6 17. b4 Bd7 18. Ra3 axb4 19. Rxa8 Qxa8 20. Ncxb4 Nxb4 21. cxb4
Qc6 22. Qd3 f5 23. f3 Qb7 24. b5 Rb8 25. Rb1 Bd8 26. h3 Bb6+ 27. Nxb6 Qxb6+ 28.
Kh2 f4 29. Rb2 Qc7 30. Rd2 Rb6 31. Qd5 Qd8 32. Ra2 g5 33. Ra8 Bc8 34. Qe6 Bxe6
35. Rxd8+ Kg7 36. Bxe6 Rxb5 37. Rxd6 h5 38. Bf5 h4 39. Rd5 Rxd5 40. exd5 Kf8 41.
d6 Ke8 42. Kg1 Kd8 43. Kf1 Ke8 44. Ke2 Kd8 45. Kd3 Ke8 46. Ke4 Kd8 47. Kxe5 Ke8
48. Ke6 Kd8 49. d7 g4 50. Bxg4 Kc7 51. Ke7 1-0

[Event "Druzynowe Mistrzostwa Polski Juniorow - Ekstraliga"]
[Site "Suchedniow"]
[Date "1899-12-30"]
[Round "1.13"]
[White "Jarmula, Lukasz"]
[Black "Kiolbasa, Oliwia"]
[Result "1-0"]
[WhiteTitle "IM"]
[BlackTitle "WIM"]
[WhiteElo "2447"]
[BlackElo "2318"]

1. e4 e5 2. Nf3 Nc6 3. Bc4 Nf6 4. Ng5 d5 5. exd5 Nd4 6. c3 b5 7. Bf1 Nxd5 8. cxd4
Qxg5 9. Bxb5+ Kd8 10. O-O Nf4 11. Bc6 Bg4 12. Bf3 h5 13. dxe5 Nxg2 14. Kxg2 Bxf3+
15. Kxf3 Qxe5 16. d4 Qd5+ 17. Ke2 Bd6 18. Nc3 Qe6+ 19. Be3 f5 20. Qb3 Qf6 21.
Nd5 Qh4 22. Rg1 Re8 23. Rxg7 f4 24. Qb5 Qh3 25. Nxf4 1-0

[Event "Druzynowe Mistrzostwa Polski Juniorow - Ekstraliga"]
[Site "Suchedniow"]
[Date "1899-12-30"]
[Round "1.14"]
[White "Szostko, Jakub"]
[Black "Gazik, Viktor"]
[Result "0-1"]
[WhiteTitle "k"]
[BlackTitle "FM"]
[WhiteElo "2246"]
[BlackElo "2436"]

1. e4 c5 2. Nf3 d6 3. d4 cxd4 4. Nxd4 Nf6 5. Nc3 a6 6. Bg5 Nbd7 7. Qe2 g6 8. O-O-O
Bg7 9. Kb1 O-O 10. h4 h6 11. Be3 Ne5 12. f3 b5 13. g4 Nc4 14. Bc1 Bb7 15. h5 e5
16. Nb3 g5 17. Qh2 Re8 18. Bxc4 bxc4 19. Nd2 Rc8 20. Nf1 Bf8 21. Ne3 Rc5 22. Rd2
Qa5 23. Rhd1 Rb8 24. Ka1 Bc6 25. Qe2 Rb4 26. Rxd6 Ne8 27. R6d2 Nc7 28. Ned5 Bxd5
29. exd5 Nb5 30. Nxb5 Rcxb5 31. c3 Ra4 32. a3 Bxa3 33. bxa3 Qxc3+ 34. Rb2 Qxa3+
35. Kb1 Rab4 36. Qxe5 c3 37. Qe8+ Kg7 38. Qe5+ Kh7 39. Qf5+ Kg8 40. Rxb4 Rxb4+
41. Kc2 Qb3+ 42. Kd3 c2+ 43. d6 0-1

[Event "Druzynowe Mistrzostwa Polski Juniorow - Ekstraliga"]
[Site "Suchedniow"]
[Date "1899-12-30"]
[Round "1.15"]
[White "Lis, Mateusz"]
[Black "Kosakowski, Jakub"]
[Result "0-1"]
[WhiteTitle "I"]
[BlackTitle "k"]
[WhiteElo "1994"]
[BlackElo "2122"]

1. e4 e5 2. Nf3 Nc6 3. Bb5 a6 4. Bxc6 dxc6 5. O-O Bd6 6. d4 exd4 7. Qxd4 f6 8.
Be3 Ne7 9. Nbd2 Be6 10. Rfd1 Ng6 11. Nc4 Bxc4 12. Qxc4 Qe7 13. c3 O-O-O 14. b4
Rhe8 15. Nd2 Bf4 16. a4 Bxe3 17. fxe3 Ne5 18. Qe2 Rd3 19. b5 Qc5 20. Nb3 Qxc3
21. bxa6 Rxd1+ 22. Qxd1 Qxe3+ 23. Kh1 bxa6 24. Na5 Qc3 25. Nb3 Rd8 26. Qb1 Rd3
0-1

[Event "Druzynowe Mistrzostwa Polski Juniorow - Ekstraliga"]
[Site "Suchedniow"]
[Date "1899-12-30"]
[Round "1.16"]
[White "Pytel, Maciej"]
[Black "Jobda, Rafal"]
[Result "1-0"]
[WhiteTitle "I"]
[BlackTitle "II"]
[WhiteElo "2000"]
[BlackElo "1566"]

1. e4 e5 2. Nf3 Nc6 3. Bc4 Bc5 4. c3 Nf6 5. d3 d6 6. Bb3 a6 7. Nbd2 Ba7 8. h3 O-O
9. Nf1 d5 10. Qe2 Be6 11. g4 dxe4 12. dxe4 Bxb3 13. axb3 Ne8 14. Ng3 Nd6 15. Nf5
Qd7 16. N3h4 Rad8 17. Ng3 Qe6 18. b4 Rd7 19. Nhf5 Rfd8 20. O-O Nc4 21. Nh5 f6
22. Kh2 Nd6 23. Qf3 Ne8 24. g5 Ne7 25. gxf6 gxf6 26. Rg1+ Kh8 27. Nfg7 Qb6 28.
Be3 Rd3 29. Nxe8 Rxe8 30. Qg4 Rg8 31. Bxb6 Rxg4 32. Rxg4 Bxb6 33. Rg2 Rf3 34.
Rd1 c6 35. Rd7 Ng6 36. Rxb7 Bd8 37. Rb8 Rd3 38. Nxf6 Kg7 39. Ng4 Bg5 40. Rb7+
Kh8 41. Ne3 Bxe3 42. fxe3 Rxe3 43. Rd2 Kg8 44. Rd8+ Nf8 45. Rbb8 Rf3 46. Re8 Kg7
47. Rb7+ Kh6 48. Rxe5 Rf2+ 49. Kg3 Rxb2 50. Rc7 Ng6 51. Rxc6 Rc2 52. Rec5 Kg7
53. h4 Nf8 54. Rxa6 Rb2 55. Rc7+ Kg8 56. h5 Rb1 57. h6 Rg1+ 58. Kf2 Rg5 59. Rf6
1-0

[Event "Druzynowe Mistrzostwa Polski Juniorow - Ekstraliga"]
[Site "Suchedniow"]
[Date "1899-12-30"]
[Round "1.17"]
[White "Gazikova, Veronika"]
[Black "Burakowska, Gabriela"]
[Result "1-0"]
[WhiteTitle "k"]
[BlackTitle "I++"]
[WhiteElo "2207"]
[BlackElo "1841"]

1. e4 c5 2. Nc3 Nc6 3. f4 g6 4. Nf3 Bg7 5. Bc4 e6 6. e5 d5 7. exd6 Qxd6 8. d3 Nf6
9. O-O O-O 10. Qe2 Na5 11. Ne5 b6 12. Bd2 Nxc4 13. Nxc4 Qc6 14. Ne5 Qc7 15. Ne4
Nd7 16. Bc3 f6 17. Nc4 Bb7 18. a4 Bd5 19. Ne3 Rae8 20. Qf2 Qc6 21. Ng3 Qc7 22.
f5 Bb7 23. fxg6 hxg6 24. Rae1 Qc6 25. b3 Rf7 26. Ne4 Ref8 27. Qg3 Kh7 28. Qh4+
Kg8 29. Rf3 g5 30. Qh5 Re8 31. Nxg5 1-0

[Event "Druzynowe Mistrzostwa Polski Juniorow - Ekstraliga"]
[Site "Suchedniow"]
[Date "1899-12-30"]
[Round "1.18"]
[White "Kalinowska, Zuzanna"]
[Black "Kulpa, Zuzanna"]
[Result "1/2-1/2"]
[WhiteTitle "k"]
[BlackTitle "I++"]
[WhiteElo "1910"]
[BlackElo "1615"]

1. d4 Nf6 2. c4 e6 3. Nf3 Bb4+ 4. Bd2 Qe7 5. Qc2 Bxd2+ 6. Nbxd2 d6 7. e4 e5 8.
d5 a5 9. b3 Na6 10. a3 Nc5 11. Rb1 Bd7 12. g3 O-O 13. Bg2 Ne8 14. Nh4 g6 15. O-O
Ng7 16. Rbe1 f5 17. f4 g5 18. Nxf5 Nxf5 19. exf5 Bxf5 20. Qc3 gxf4 21. gxf4 Nd7
22. Re3 Bg6 23. Bh3 Rf6 24. Rg3 exf4 25. Rg2 Qe5 26. Qxe5 Nxe5 27. Ne4 Rff8 28.
Ng5 Kh8 29. Ne6 Rf7 30. Rxf4 Rxf4 31. Nxf4 Rf8 32. Nxg6+ Nxg6 33. Rf2 Rf4 34.
Bf1 Kg7 35. Rxf4 Nxf4 36. Kf2 Kf6 37. Kf3 Ke5 38. Ke3 h6 39. b4 axb4 40. axb4
b5 41. cxb5 Nxd5+ 42. Kf3 Nxb4 43. Kg4 d5 44. Kh5 d4 45. Kxh6 d3 46. Kg6 d2 47.
Be2 Nd3 48. Kf7 Nf4 49. Bd1 Kf5 50. Ke7 Nd5+ 51. Kd7 Nc3 52. Bc2+ Kg4 53. Kxc7
Nxb5+ 54. Kb6 Nd4 55. Bd1+ Kf4 56. h4 Nf3 1/2-1/2

[Event "Druzynowe Mistrzostwa Polski Juniorow - Ekstraliga"]
[Site "Suchedniow"]
[Date "1899-12-30"]
[Round "1.19"]
[White "Wisniewski, Michal"]
[Black "Janik, Igor"]
[Result "1/2-1/2"]
[WhiteTitle "k+"]
[BlackTitle "FM"]
[WhiteElo "2235"]
[BlackElo "2318"]

1. e4 c5 2. Nf3 d6 3. d4 cxd4 4. Qxd4 a6 5. h3 Nc6 6. Qe3 g6 7. c4 Bg7 8. Be2 Nf6
9. O-O O-O 10. Nc3 Be6 11. Rb1 Rc8 12. Rd1 Nd7 13. Ng5 Nce5 14. b3 Qa5 15. Nxe6
fxe6 16. Bb2 Qc5 17. Qg3 Rf7 18. Na4 Qa7 19. Bc1 Nf6 20. Be3 Qb8 21. f3 b5 22.
Nb2 b4 23. Nd3 Nxd3 24. Bxd3 Nd7 25. h4 Qc7 26. Qh3 Nc5 27. h5 gxh5 28. Qxh5 e5
29. Qh3 Bf6 30. Be2 Kh8 31. Rd5 Nb7 32. c5 Nxc5 33. Bxc5 dxc5 34. Bxa6 Rg8 35.
Rd7 Qa5 36. Bc4 Qxa2 37. Bxf7 Qxb1+ 38. Kh2 Qc1 39. Bxg8 Kxg8 40. Qg4+ Kf7 41.
Qh5+ Kg7 42. Rd8 Qf4+ 43. g3 Qe3 44. Qg4+ Kh6 45. Qh3+ Kg7 46. Qg4+ Kh6 47. Qf5
Qxb3 48. Qh3+ Kg7 49. Qg4+ Kh6 50. Qh3+ Kg7 51. Qg4+ Kh6 52. Qh3+ Kg7 53. Qg4+
Kh6 54. Rg8 Qc2+ 55. Kh3 Qa2 56. f4 1/2-1/2

[Event "Druzynowe Mistrzostwa Polski Juniorow - Ekstraliga"]
[Site "Suchedniow"]
[Date "1899-12-30"]
[Round "1.20"]
[White "Delekta, Filip"]
[Black "Pultorak, Jan"]
[Result "1-0"]
[WhiteTitle "I++"]
[BlackTitle "FM"]
[WhiteElo "2209"]
[BlackElo "2296"]

1. c4 Nf6 2. Nf3 g6 3. Nc3 d5 4. cxd5 Nxd5 5. e4 Nxc3 6. dxc3 Qxd1+ 7. Kxd1 f6
8. Be3 e5 9. Bc4 Nd7 10. Kc2 Bc5 11. Rhe1 Ke7 12. b4 Bxe3 13. Rxe3 a5 14. a4 Nb6
15. Bb3 Rd8 16. Ne1 axb4 17. cxb4 Rd4 18. Kc3 Be6 19. Bxe6 Kxe6 20. a5 Nc4 21.
Rd3 Rad8 22. Rxd4 Rxd4 23. Nd3 Nd6 24. Nc5+ Ke7 25. Kb3 Rd2 26. Nxb7 Nb5 27. a6
Na7 28. Ra2 Rd1 29. Rc2 c6 30. Kc4 Kd7 31. Kc5 Kc7 32. Na5 Rd6 33. f3 h5 34. Nc4
Rd3 35. Na5 Rd6 36. g3 Rd3 37. Nxc6 Nxc6 38. Kb5 Rd6 39. Rxc6+ Rxc6 40. a7 Rb6+
41. Ka5 Rxb4 42. a8=Q Rb3 43. Qd5 Rxf3 44. Kb5 g5 45. Qe6 Kd8 46. Qf7 h4 47. gxh4
gxh4 48. Kc6 Rc3+ 49. Kd6 Rd3+ 50. Ke6 Kc8 51. Qe8+ Kc7 52. Kxf6 h3 53. Qxe5+
Kc6 54. Qb8 Rd7 55. Qc8+ Rc7 56. Qxc7+ Kxc7 57. e5 Kd7 58. Kf7 1-0

[Event "Druzynowe Mistrzostwa Polski Juniorow - Ekstraliga"]
[Site "Suchedniow"]
[Date "1899-12-30"]
[Round "1.21"]
[White "Teclaf, Pawel"]
[Black "Koziorowicz, Michal"]
[Result "1-0"]
[WhiteTitle "CM"]
[BlackTitle "I"]
[WhiteElo "2191"]
[BlackElo "1758"]

1. e4 c5 2. Nf3 g6 3. d4 cxd4 4. Nxd4 Nc6 5. Be2 Nf6 6. Nc3 Bg7 7. Nb3 O-O 8. O-O
a6 9. a4 d6 10. Be3 Be6 11. f4 Bxb3 12. cxb3 Qa5 13. Bc4 Rfd8 14. Qf3 Nb4 15.
Rad1 Rab8 16. e5 dxe5 17. Rxd8+ Rxd8 18. Qxb7 exf4 19. Bb6 Qh5 20. Be2 f3 21.
Bxf3 Qh4 22. Bxd8 Ng4 23. Bxg4 Bd4+ 24. Kh1 Be5 25. Bh3 1-0

[Event "Druzynowe Mistrzostwa Polski Juniorow - Ekstraliga"]
[Site "Suchedniow"]
[Date "1899-12-30"]
[Round "1.22"]
[White "Dzida, Kamil"]
[Black "Oglaza, Oskar"]
[Result "0-1"]
[WhiteTitle "I"]
[BlackTitle "k"]
[WhiteElo "1781"]
[BlackElo "2107"]

1. e4 c5 2. Nf3 d6 3. d4 Nf6 4. Nc3 cxd4 5. Nxd4 a6 6. Be3 e6 7. Be2 Be7 8. O-O
Qc7 9. f4 O-O 10. Bf3 Nc6 11. Qe2 Bd7 12. g4 b5 13. g5 Ne8 14. Qg2 Rc8 15. Rac1
Kh8 16. Bg4 Nxd4 17. Bxd4 b4 18. Ne2 f5 19. exf5 exf5 20. Bf3 Be6 21. c3 Qd7 22.
cxb4 Bxa2 23. Bc6 Qe6 24. Nc3 Qc4 25. Nb5 Qxb4 26. Bc3 Qc5+ 27. Bd4 Qb4 28. Bc3
Qc5+ 29. Nd4 Bc4 30. Rfe1 d5 31. Bd7 Rd8 32. b4 Qb6 33. Rxe7 Nd6 34. Kh1 Qb7 35.
Qh3 Rxd7 36. g6 h6 37. Rxd7 Qxd7 38. Ne6 Kg8 39. Nxf8 Kxf8 40. Be5 Nb5 41. Rd1
d4 42. Kg1 Qe6 43. Qg2 Bd5 44. Qg3 Nc3 45. Re1 Ne4 46. Qg2 d3 47. Rd1 Nc3 48.
Rxd3 Bxg2 49. Rxc3 Bc6 50. Kf2 Qd5 51. Ke3 Qe4+ 52. Kf2 Qg2+ 53. Ke3 Qxg6 54.
Rd3 Qg1+ 55. Kd2 Qxh2+ 56. Kc3 Be4 57. Rd8+ Ke7 58. Rb8 Qc2+ 59. Kd4 Qd3+ 60.
Kc5 Qe3+ 61. Bd4 Qxf4 0-1

[Event "Druzynowe Mistrzostwa Polski Juniorow - Ekstraliga"]
[Site "Suchedniow"]
[Date "1899-12-30"]
[Round "1.23"]
[White "Kopica, Paulina"]
[Black "Malinowska, Monika"]
[Result "1-0"]
[WhiteTitle "I++"]
[BlackTitle "I"]
[WhiteElo "1899"]
[BlackElo "1378"]

1. e4 e5 2. Nf3 Nc6 3. d4 exd4 4. Bc4 Nf6 5. e5 d5 6. Bb5 Ne4 7. Nxd4 Bd7 8. Bxc6
bxc6 9. O-O Bc5 10. f3 Ng5 11. f4 Ne4 12. Be3 Bb6 13. Nd2 Nc5 14. Qe2 Qe7 15.
Rae1 O-O 16. c4 f6 17. b4 fxe5 18. fxe5 Nb7 19. c5 Qxe5 20. cxb6 cxb6 21. Rxf8+
Rxf8 22. N2f3 Qe4 23. Qa6 Nd6 24. Qxa7 Bg4 25. Qc7 Bxf3 26. Nxf3 Qxb4 27. Qxb6
Qc3 28. Rc1 Qd3 29. Qd4 Qb5 30. a4 Qb7 31. Qb6 Qxb6 32. Bxb6 Nc4 33. a5 Rb8 34.
Bc7 Rb7 35. Bd8 Rb8 36. Bb6 Nxb6 37. axb6 Rxb6 38. Ne5 c5 39. Rxc5 Rb1+ 40. Kf2
Rb2+ 41. Kf3 Rb3+ 42. Kf4 Rb4+ 43. Kf3 Rb3+ 44. Ke2 Rb2+ 45. Kd3 h6 46. Rc8+ Kh7
47. Rc2 Rb4 48. Nc6 Re4 49. Re2 Ra4 50. Ne7 Ra3+ 51. Kd4 Ra4+ 52. Kxd5 Ra5+ 53.
Ke6 Ra6+ 54. Ke5 Ra5+ 55. Nd5 Ra8 56. Rb2 Re8+ 57. Kf5 Rf8+ 58. Ke6 Re8+ 59. Kf7
Ra8 60. Ne7 Ra4 61. Rf2 Rb4 62. h3 Ra4 63. Rf3 Rb4 64. g3 Ra4 65. h4 Rg4 66. Nf5
Rg6 67. Rf4 Rf6+ 68. Ke7 Ra6 69. Rg4 Ra7+ 70. Kf8 g6 71. Ne7 Ra8+ 72. Kf7 Ra7
73. Rxg6 Rb7 74. g4 Ra7 75. Rf6 Ra4 76. g5 1-0